000 00586pam a2200229 4500
001 1260774
005 20180205072231.0
008 740613s1974 nyu b 001 0 eng
010 _a 74011374
020 _a0808908464
040 _aDLC
_cDLC
_dDLC
041 _aeng
060 _aWM430 F663i
080 _a616.8915 vin
082 0 0 _a616.8915 vin
100 1 _a2
101 _ashm
245 1 3 _aAn introduction to family therapy
_c[by] Vincent D. Foley.
504 _aBibliography: p. 183-191.
906 _a7
_bcbc
_corignew
_d1
_eocip
_f19
_gy-gencatlg
942 _2ddc
_cBK
999 _c41762
_d41762